000 01281nam a2200241Ii 4500
003 JO-AjNU
005 20240624103540.0
008 230605s9999||||xx |||||||||||||| ||und||
040 _aJO-AjNU
_bara
_erda
_cJO-AjNU
041 _aara
050 1 4 _aHD61.2020
100 _aالحصان، محمد زياد محمد
_eمعد
_965517
245 0 0 _aاثر تطبيق معايير الامن السيبراني في الحد من المخاطر في المجموعة الاردنية للمناطق الحرة والتنموية = The Impact of Applying Cyber Security Standards on Reducing Risks in the Jordan Free and Development Zones Group
_c/ اعداد محمد زياد الحصان ؛ اشراف خالد محمد الذيابات
264 3 1 _a2020
300 _a119 ورقة
336 _atext
_btxt
_2rdacontent
337 _aunmediated
_bn
_2rdamedia
338 _avolume
_bnc
_2rdacarrier
500 _aرسالة جامعية(اطروحة ماجستير) جامعة عجلون الوطنية: كلية ادارة الاعمال، ادارة الاعمال،2020
650 4 _aالامن السيبراني - تطبيق معايير - المناطق الحرة - الاردن
_959674
700 _aخالد محمد الذيابات
_eمشرف
_965518
942 _2lcc
_cTHS
999 _c30433
_d30433